| 000 | 00475cam a2200181ua 4500 | ||
|---|---|---|---|
| 020 | _c2.50 | ||
| 041 |
_amal _h |
||
| 082 |
_a894.8121 _bKUN/UN |
||
| 100 | _aKunjan Pillai, Elamkulam . | ||
| 245 |
_aUnnuneeli sandesham / _cElamkulam Kunjan Pillai. _hTextual Documents |
||
| 250 |
_a5 / _b. |
||
| 260 |
_aKottayam : _bSahitya Pravarthaka Co-operative Society , _c1964. |
||
| 300 | _a167 ; . | ||
| 365 | _a2.50 | ||
| 504 | _a | ||
| 942 | _cBK | ||
| 999 |
_c4650 _d4650 |
||